| 000 | 00867nam a22002297a 4500 | ||
|---|---|---|---|
| 005 | 20100322110813.0 | ||
| 008 | 100322t xxu||||| |||| 00| 0 eng d | ||
| 010 | _aENG-95920 | ||
| 020 |
_a9788184840230 _c980.00 |
||
| 035 | _aEN-79453 | ||
| 037 | _bDBAD/PUB | ||
| 040 | _aDPL | ||
| 082 | _a352.36 | ||
| 100 | _aPathania, Mamta | ||
| 245 |
_aSynergising public sector: _cby Mamta Pathania _bAn administrative analysis/ |
||
| 260 |
_aNew Delhi _bRegal Publications _c2009 |
||
| 270 |
_aF-159, Rajouri Garden _bNew Delhi _e110027 |
||
| 300 |
_axvii, 267p. : _c24 cm. (Hb) |
||
| 500 | _aIncludes bibliographical references and index | ||
| 942 |
_2ddc _cEN _mPAT _h352.36 |
||
| 999 |
_c34819 _d34819 |
||